Lautaro: epopeya del pueblo mapuche
Saved in:
| Main Author: | |
|---|---|
| Format: | Book |
| Language: | Spanish |
| Published: |
Santiago
Nascimento
1982
|
| Subjects: | |
| Tags: |
Add Tag
No Tags, Be the first to tag this record!
|
MARC
| LEADER | 00000nam a2200000 a 4500 | ||
|---|---|---|---|
| 001 | UCU4490 | ||
| 003 | CL-VaPUC | ||
| 008 | 960524e19820000CL |||||||||||||||||spa|d | ||
| 082 | 0 | 4 | |a Ch862 |b AGU |2 21 |
| 100 | 0 | |a Aguirre, Isidora |e author |9 345740 | |
| 245 | 1 | 0 | |a Lautaro: epopeya del pueblo mapuche |
| 300 | |a 108 p | ||
| 942 | |c BK | ||
| 945 | |d 19960524 00:00:00 |a mcarcey | ||
| 260 | |a Santiago |b Nascimento |c 1982 | ||
| 650 | 7 | |a DRAMA CHILENO |2 CL-VaPUC |9 269279 | |
| 583 | |a last modification |c 19960524 00:00:00 |k Rodrigo Vera | ||
| 999 | |c 248183 |d 248181 | ||
| 952 | |0 0 |1 0 |4 0 |6 CH_862_000000000000000_AGU_1982 |7 0 |8 A |9 264633 |a BIBEDU |b BIBEDU |d 2019-11-19 |i 3201686 |o Ch862 AGU 1982 |p 3201686 |r 2019-11-19 |w 2019-11-19 |y BK |k LIT | ||